LIBRARY & INFORMATION CENTRE, KCAET, TAVANUR

ONLINE PUBLIC ACCESS CATALOGUE (OPAC)

Conversion to Organic Agriculture (Record no. 14270)

MARC details
000 -LEADER
fixed length control field 00301nam a22001217a 4500
020 ## - INTERNATIONAL STANDARD BOOK NUMBER
ISBN 8181891716
082 ## - DEWEY DECIMAL CLASSIFICATION NUMBER
Classification number 631.584
Item number SIN/CO
100 ## - MAIN ENTRY--AUTHOR NAME
Personal name Singh,A.K
245 ## - TITLE STATEMENT
Title Conversion to Organic Agriculture
260 ## - PUBLICATION, DISTRIBUTION, ETC. (IMPRINT)
Place of publication Lucknow
Name of publisher International Book Distributing Co.
Year of publication 2007
300 ## - PHYSICAL DESCRIPTION
Number of Pages 412
942 ## - ADDED ENTRY ELEMENTS (KOHA)
Koha item type Books
Holdings
Withdrawn status Lost status Damaged status Collection code Home library Current library Shelving location Date acquired Source of acquisition Cost, normal purchase price Full call number Accession Number Koha item type
        KAUAET KAUAET General Stacks 10/06/2016 Cosmo Book House, Calicut 1495.00 631.584 SIN/CO 24347 Books
free website counter